Statistics for The Five Nights at Freddy's 1 Test

Click here to take the quiz!

General Stats

  • This quiz has been taken 32 times
  • The average score is 7 of 20

Answer Stats

QuestionAnswer% Correct
What is the name of the hoax character that is a dog?Sparky the Dog
86%
Which character did Scott have a nightmare about?Bonnie
59%
When did FNaF 1 release to the public?August 8th, 2014
55%
What Scott Cawthon game was released BEFORE FNaF 1?Chipper and Son's Lumber Co.
45%
Which character was given a fan-made name by the community that was later made canon?Golden Freddy
45%
How many nights are there in Five Nights at Freddy's?7 Nights at Freddy's
41%
What is the name of Chica's cupcake?Mr. Cupcake
38%
Why is Foxy damaged in FNaF 1?Scott was modeling him during a bumpy car ride
38%
How many cameras are there in FNaF 1?11
31%
If you count up each animatronics fingers and toes (including Endo 01 as a separate character) how many are there total?74
31%
What color is Bonnie the Bunny?Blue
31%
Which camera in FNaF 1 is disabled?Cam 6
28%
What was Freddy's original name?Freddybear
24%
Which of the following reasons led to the creation of FNaF?Scott trying a final attempt at game development
24%
In the Celebrate poster, why is Bonnie floating?Bonnie does not abide by the rules of time, space, or physics
21%
What does the book "Autobiography of a Yogi" have to do with FNaF?It is the Night 5 phone call noise
21%
How much money did the Crowdfunding campaign for FNaF make?$0
17%
What feature was shown in the gameplay showoff of FNaF but isn't in the game?Life Meter
14%
When and where did the demo for FNaF release?Indie DB, July 23rd, 2014
10%
Who was the first person to make a dedicated FNaF gameplay series on YouTube?Ben The Scoopist
7%

Score Distribution

Percentile by Number Answered

Percent of People with Each Score

Your Score History

You have not taken this quiz